Statistiken für Berühmte Aargauer

Klicken Sie hier um das Quiz zu spielen!

Allgemein

  • Dieses Quiz wurde 16 mal gespielt
  • Das Durchschnittsergebnis liegt bei 2 aus 8

Antwortstatistiken

Antwort% Korrekt
DJ Bobo
87%
Maximilian Oskar Bircher
73%
Doris Leuthard
53%
Hans von Halllwyl
7%
Carl Feer
0%
Emil Frey
0%
Friedrich Theodor Fröhlich
0%
Wiktor Lwowitsch Kortschnoi
0%

Verteilung der Resultate

Perzentil nach korrekt beantworteten Fragen

Anzahl Personen mit jedem Resultat

Ihre Resultats-Entwicklung

Sie haben dieses Quiz noch nicht gespielt